| 000 | 00941cam a22002414a 4500 | ||
|---|---|---|---|
| 005 | 20080820115011.0 | ||
| 008 | 080216s2008 ii b 001 0 eng | ||
| 010 | _aENG-92050 | ||
| 020 |
_a9788181981073 _c395.00 |
||
| 020 |
_a8181981073 _c395.00 |
||
| 035 | _aEN-75583 | ||
| 037 | _bDBAD / PUB | ||
| 040 |
_adpl _bEnglish |
||
| 082 | _a334.68370954 | ||
| 100 | _aShekhawat, Prahlad Singh | ||
| 245 |
_aCooperative dairy development in India: _b(replication in Rajasthan) / _cby Prahlad Singh Shekhawat |
||
| 260 |
_aJaipur _bUniversity Book House _c2008 |
||
| 270 |
_a79, Chaura Rasta, _bJaipur _e3 |
||
| 300 |
_avii, 90p.: _c21cm (pbk) _bmaps. |
||
| 650 |
_aDairying, Cooperative _zIndia |
||
| 942 |
_2ddc _cEN _mSHE _h334.68370954 |
||
| 999 |
_c19573 _d19573 |
||